[Event "Vestlandsserien 2017-18 avd. nord"]
[Site "Hordaland"]
[Date "2018.01.14"]
[Round "3"]
[White "Manne, Per Erik"]
[Black "Larsen, Stig Børje"]
[Result "1-0"]
[WhiteElo "2128"]
[BlackElo "1885"]
[PlyCount "115"]
[EventDate "2017.??.??"]

1. e4 g6 2. g3 Bg7 3. Bg2 c5 4. Nf3 Nc6 5. O-O d6 6. c3 Nf6 7. Re1 O-O 8. d3
Bg4 9. Nbd2 Qd7 10. Qc2 Rac8 11. Nc4 Rfd8 12. Ne3 Bxf3 13. Bxf3 Ne5 14. Bg2 e6
15. Qe2 Nc6 16. Ng4 Nxg4 17. Qxg4 Ne5 18. Qe2 c4 19. dxc4 Nxc4 20. Bg5 f6 21.
Bf4 e5 22. Bc1 b5 23. Qd3 Qc6 24. Rd1 Bf8 25. Bh3 Rc7 26. Be6+ Kg7 27. Bd5 Qd7
28. a4 a6 29. axb5 axb5 30. Ra6 Rb8 31. Qe2 Qc8 32. Ra2 Rc5 33. Ra7+ Rc7 34.
Ra2 Rc5 35. Ra7+ Rc7 36. Rxc7+ Qxc7 37. Qg4 Nb6 38. Qe6 Nxd5 39. Qxd5 Qb7 40.
Kf1 Qxd5 41. Rxd5 Kf7 42. Ke2 Ke6 43. Bd2 Kd7 44. Kd3 Kc6 45. b4 Be7 46. c4 Rb7
47. Be3 Rb8 48. Kc3 h5 49. Rd2 Ra8 50. cxb5+ Kxb5 51. Rd5+ Kc6 52. Kc4 f5 53.
f3 fxe4 54. fxe4 g5 55. Ra5 Rc8 56. Ra7 d5+ 57. exd5+ Kd6+ 58. Bc5+
1-0

[Event "Vestlandsserien 2017-18 avd. nord"]
[Site "Hordaland"]
[Date "2018.01.14"]
[Round "3"]
[White "Tufta, Jon Gunnar"]
[Black "Moe-Nilssen, Nils Erik"]
[Result "1-0"]
[WhiteElo "1844"]
[BlackElo "2124"]
[PlyCount "107"]
[EventDate "2017.??.??"]

1. e4 g6 2. d4 Bg7 3. Nf3 d6 4. Be3 Nf6 5. Bd3 a6 6. O-O O-O 7. Qd2 Ng4 8. Bg5
h6 9. Bh4 c5 10. h3 Nf6 11. c3 b5 12. a4 g5 13. Bg3 Bb7 14. d5 e6 15. dxe6 fxe6
16. Bxd6 Qxd6 17. e5 Qc6 18. exf6 Rxf6 19. axb5 axb5 20. Rxa8 Bxa8 21. Qe3 Nd7
22. Nbd2 Nb6 23. Ne4 Rf5 24. Ra1 Bf8 25. Ng3 Rf7 26. Be4 Nd5 27. Ne5 Nxe3 28.
Bxc6 Bxc6 29. Nxf7 Nxg2 30. Ne5 Bd5 31. Nh5 Nf4 32. Nxf4 gxf4 33. Ra7 Bd6 34.
Ng4 b4 35. Nf6+ Kf8 36. Nxd5 exd5 37. Rd7 bxc3 38. bxc3 Be5 39. Rxd5 Bxc3 40.
Rxc5 Bd2 41. Kf1 Ke7 42. Ke2 Bb4 43. Rh5 Bd6 44. Rxh6 Be5 45. Rg6 Kf7 46. Rg4
Kf6 47. f3 Kf5 48. Kd3 Bf6 49. Kc4 Bg5 50. h4 Bh6 51. Kd5 Bf8 52. Rg5+ Kf6 53.
Ke4 Bd6 54. Rg4
1-0

[Event "Vestlandsserien 2017-18 avd. nord"]
[Site "Hordaland"]
[Date "2018.01.14"]
[Round "3"]
[White "Rasmussen, Jonas H"]
[Black "Sævareid, Ove"]
[Result "1/2-1/2"]
[WhiteElo "1835"]
[BlackElo "2166"]
[PlyCount "117"]
[EventDate "2017.??.??"]

1. d4 d5 2. Nf3 Nf6 3. g3 e6 4. Bg2 Be7 5. c4 dxc4 6. O-O O-O 7. Ne5 Nc6 8.
Nxc6 bxc6 9. Bxc6 Rb8 10. Nc3 Bb7 11. Bb5 Qd6 12. Qa4 Qxd4 13. Qxc4 Qxc4 14.
Bxc4 Nd5 15. Bd2 Rfd8 16. Rfd1 Bf6 17. Rac1 Nxc3 18. Bxc3 Bxc3 19. bxc3 Rxd1+
20. Rxd1 Bc6 21. Bb3 Kf8 22. f3 Ke7 23. Kf2 h6 24. Rd4 Rb6 25. Ke3 Bd7 26. Rc4
c6 27. Ra4 Rb7 28. Rc4 e5 29. f4 f6 30. fxe5 fxe5 31. Rc5 Kd6 32. Ra5 Bf5 33.
Ra6 Re7 34. Ba4 Rc7 35. Bb3 Bc8 36. Ra4 Re7 37. Ra5 Bf5 38. Ra6 g5 39. Ra4 Kc5
40. Rc4+ Kd6 41. Ra4 Bc8 42. Ra5 h5 43. Ra4 c5 44. Bc4 Rg7 45. Bd3 Kc6 46. Bc4
h4 47. gxh4 gxh4 48. Bd3 h3 49. Rh4 Kd6 50. Rh6+ Ke7 51. Rh7 Rxh7 52. Bxh7 Bg4
53. Bd3 Kd6 54. Bc4 Ke7 55. Ke4 Kd6 56. e3 a5 57. Bb3 Be2 58. Bf7 Bg4 59. Bc4
1/2-1/2

[Event "Vestlandsserien 2017-18 avd. nord"]
[Site "Hordaland"]
[Date "2018.01.14"]
[Round "3"]
[White "Merkesvik, Amalie Isabel"]
[Black "Sætre, Roger"]
[Result "0-1"]
[WhiteElo "1770"]
[BlackElo "1823"]
[PlyCount "86"]
[EventDate "2017.??.??"]

1. e4 e6 2. d4 d5 3. exd5 exd5 4. Bd3 Bd6 5. Ne2 Nc6 6. c3 Bg4 7. f3 Bh5 8. Bf4
Nge7 9. O-O f6 10. Re1 g5 11. Bg3 Qd7 12. Qc2 O-O-O 13. Nd2 Bg6 14. a3 Nf5 15.
Nf1 Nce7 16. c4 Bxg3 17. Nfxg3 Ne3 18. Qc1 Bxd3 19. Qxe3 dxc4 20. b3 Rhe8 21.
bxc4 Bxc4 22. Qc3 Ba6 23. Ne4 Nd5 24. Qd2 Bxe2 25. Rxe2 Nf4 26. Ree1 Rf8 27.
Rad1 b6 28. Kh1 h6 29. g3 Nd5 30. Qd3 f5 31. Qa6+ Kb8 32. Nc5 bxc5 33. dxc5 Rf6
34. Rb1+ Nb6 35. cxb6 Rxb6 36. a4 Qd3 37. Qxd3 Rxd3 38. a5 Rxb1 39. Rxb1+ Kc8
40. Kg2 Rd5 41. Ra1 Kb7 42. a6+ Kb6 43. Rc1 Ra5
0-1

[Event "Vestlandsserien 2017-18 avd. nord"]
[Site "Hordaland"]
[Date "2018.02.03"]
[Round "4"]
[White "Ayzenberg, Alena"]
[Black "Sørensen, Kristian"]
[Result "1/2-1/2"]
[WhiteElo "1919"]
[BlackElo "2110"]
[PlyCount "94"]
[EventDate "2017.??.??"]

1. d4 d5 2. c4 e6 3. Nf3 c6 4. Qc2 Bd6 5. Bg5 Nf6 6. Nc3 Nbd7 7. e4 dxe4 8.
Nxe4 Be7 9. Nxf6+ Bxf6 10. Bf4 Qa5+ 11. Bd2 Qc7 12. O-O-O b6 13. Bd3 h6 14.
Rhe1 Bb7 15. g3 Be7 16. Bc3 Bf6 17. Nd2 O-O-O 18. Ne4 Rhe8 19. Qa4 Kb8 20. f4
Ka8 21. Nxf6 gxf6 22. Be4 f5 23. Bf3 b5 24. Qa5 Qxa5 25. Bxa5 Rc8 26. c5 Nf6
27. Re3 Rh8 28. Ra3 Kb8 29. Rb3 h5 30. h4 Rhg8 31. Be2 Rg6 32. Rdd3 Rcg8 33.
Be1 Rh6 34. a4 a6 35. Bf3 Rc8 36. Ba5 Nd5 37. Bxd5 exd5 38. axb5 cxb5 39. Re3
Re6 40. Re5 Rxe5 41. fxe5 Rg8 42. Rf3 Bc8 43. c6 Rg6 44. c7+ Kb7 45. Kd2 Rg4
46. Kc3 Be6 47. Kd3 Bc8 
1/2-1/2

[Event "Vestlandsserien 2017-18 avd. nord"]
[Site "Hordaland"]
[Date "2018.02.03"]
[Round "4"]
[White "Agustsson, Hafsteinn"]
[Black "Birkestrand, Odd"]
[Result "1-0"]
[WhiteElo "1893"]
[BlackElo "1645"]
[PlyCount "99"]
[EventDate "2017.??.??"]

1. e4 e5 2. Nf3 Nc6 3. Bb5 d6 4. O-O Bd7 5. c3 Nf6 6. Re1 Be7 7. d4 O-O 8. Nbd2
a6 9. Ba4 b5 10. Bc2 h6 11. Nf1 Nh7 12. Ne3 Ng5 13. d5 Na5 14. b3 Nb7 15. Bd2
Nc5 16. Nf5 Bxf5 17. exf5 Nxf3+ 18. Qxf3 Bg5 19. Bxg5 Qxg5 20. g3 Nd7 21. a4
Qd2 22. Re2 Qg5 23. b4 Qe7 24. Bd3 Rfb8 25. Rea2 Nf6 26. Be4 Qe8 27. Qd3 Nxe4
28. Qxe4 bxa4 29. Rxa4 Qb5 30. Ra5 Qb7 31. Qc4 Qc8 32. Qd3 Rb6 33. b5 Ra7 34.
Rxa6 Rab7 35. c4 f6 36. g4 Kh7 37. Qa3 Qd7 38. Ra7 Rb8 39. Ra8 g6 40. fxg6+
Kxg6 41. Qh3 Kg7 42. Qh5 Qd8 43. Rxb8 Rxb8 44. Qf5 Qc8 45. Ra7 Qd8 46. h4 Rb6
47. h5 Rb8 48. Qg6+ Kf8 49. Qxh6+ Ke8 50. Qg7 
1-0

[Event "Vestlandsserien 2017-18 avd. nord"]
[Site "Hordaland"]
[Date "2018.02.03"]
[Round "4"]
[White "Martinsen, Stig K."]
[Black "Grønnestad, Anita"]
[Result "1-0"]
[WhiteElo "2214"]
[BlackElo "1962"]
[PlyCount "97"]
[EventDate "2017.??.??"]

1. d4 d5 2. Bg5 Nf6 3. e3 Nbd7 4. Nf3 e6 5. Nbd2 Be7 6. Bd3 c5 7. c3 b6 8. O-O
Bb7 9. Qb1 O-O 10. h3 Re8 11. Ne5 h6 12. Bh4 Nxe5 13. dxe5 Nd7 14. Bg3 a6 15.
f4 b5 16. Bh7+ Kh8 17. Bc2 Rc8 18. Qd1 Rf8 19. Qh5 Qe8 20. f5 Bg5 21. Bf4 Bxf4
22. exf4 f6 23. Qxe8 Rcxe8 24. fxe6 Rxe6 25. Bf5 Re7 26. e6 Nb6 27. Nf3 Bc6 28.
b3 Nc8 29. Nh4 Be8 30. Rad1 Nb6 31. Rfe1 g5 32. Nf3 gxf4 33. Nh4 Rg8 34. Rd3
Rg5 35. Rf1 b4 36. Rxf4 a5 37. g4 Kg7 38. Nf3 Bb5 39. Re3 d4 40. cxd4 Nd5 41.
Rfe4 Nxe3 42. Rxe3 cxd4 43. Nxd4 Kf8 44. Nxb5 h5 45. Nd6 hxg4 46. hxg4 Rg8 47.
Nc8 Re8 48. e7+ Kg7 49. Nd6 
1-0

[Event "Vestlandsserien 2017-18 avd. nord"]
[Site "Hordaland"]
[Date "2018.02.03"]
[Round "4"]
[White "Haugsdal, Arn-Tore"]
[Black "Tufta, Jon Gunnar"]
[Result "1-0"]
[WhiteElo "2028"]
[BlackElo "1844"]
[PlyCount "43"]
[EventDate "2017.??.??"]

1. e4 e6 2. d4 d5 3. e5 c5 4. c3 Nc6 5. Nf3 Nge7 6. h4 h5 7. Bg5 Qb6 8. Na3
cxd4 9. Nb5 Nf5 10. Bd3 a6 11. Nbxd4 Nfxd4 12. cxd4 Bd7 13. Rh3 Bb4+ 14. Kf1
Be7 15. Rg3 g6 16. Qd2 Nxd4 17. Bxe7 Nxf3 18. Rxf3 Kxe7 19. Qg5+ Ke8 20. Rxf7
Qb4 21. Bxg6 Bb5+ 22. Kg1 
1-0

[Event "Vestlandsserien 2017-18 avd. nord"]
[Site "Hordaland"]
[Date "2018.02.03"]
[Round "4"]
[White "Hersvik, Daniel"]
[Black "Mork, Kjell Arne"]
[Result "0-1"]
[WhiteElo "2222"]
[BlackElo "2287"]
[PlyCount "106"]
[EventDate "2017.??.??"]

1. e4 e6 2. d4 d5 3. Nc3 Nf6 4. Bg5 Bb4 5. e5 h6 6. exf6 hxg5 7. fxg7 Rg8 8.
Qh5 Qf6 9. Nf3 Qxg7 10. O-O-O Bxc3 11. bxc3 Nd7 12. h4 g4 13. Ne5 Nf6 14. Qg5
Ne4 15. Qe3 f6 16. Nxg4 Qe7 17. c4 Rxg4 18. f3 Rg3 19. cxd5 exd5 20. Qe1 Be6
21. fxe4 Qa3+ 22. Kb1 Re3 23. Qd2 dxe4 24. c4 O-O-O 25. Qb2 Qxb2+ 26. Kxb2 Bg4
27. Rd2 Re1 28. h5 e3 29. Rc2 e2 30. Bxe2 Rxe2 31. h6 Rxc2+ 32. Kxc2 Rh8 33.
Kd3 Bf5+ 34. Ke3 Kd7 35. Kf4 Bh7 36. Rh5 b6 37. g4 Rg8 38. a4 Kd6 39. a5 Kc6
40. axb6 axb6 41. Rh1 Re8 42. Rd1 Re4+ 43. Kf3 Re8 44. Ra1 Bd3 45. c5 bxc5 46.
dxc5 Kxc5 47. Rc1+ Kb6 48. Kf4 c5 49. Rd1 c4 50. g5 fxg5+ 51. Kxg5 Re7 52. Rc1
Kc5 53. Ra1 c3 
0-1

[Event "Vestlandsserien 2017-18 avd. nord"]
[Site "Hordaland"]
[Date "2018.02.03"]
[Round "4"]
[White "Hølleland, Sigve"]
[Black "Rasmussen, Jonas H"]
[Result "0-1"]
[WhiteElo "2067"]
[BlackElo "1835"]
[Annotator "Eriksen,Tom"]
[PlyCount "33"]
[EventDate "2017.??.??"]

1. d4 Nf6 2. g3 g6 3. Bg2 Bg7 4. e4 d6 5. Ne2 O-O 6. a4 Nbd7 7. O-O a6 8. f4 e5
9. c3 Qe7 10. Nd2 b6 11. b3 Bb7 12. fxe5 dxe5 13. Nc4 Bxe4 14. Ba3 c5 15. dxc5
Bxg2 16. cxb6 Nc5 17. Kxg2 {Resten av partiet er uklart.} 
0-1

[Event "Vestlandsserien 2017-18 avd. nord"]
[Site "Hordaland"]
[Date "2018.02.03"]
[Round "4"]
[White "Larsen, Stig Børje"]
[Black "Gundersen, Helge"]
[Result "1-0"]
[WhiteElo "1885"]
[BlackElo "2125"]
[PlyCount "83"]
[EventDate "2017.??.??"]

1. e4 e6 2. d4 d5 3. Nc3 dxe4 4. Nxe4 Qd5 5. Nc3 Bb4 6. Nf3 Nf6 7. Bd2 Bxc3 8.
Bxc3 b6 9. Bd3 Bb7 10. Qe2 Nbd7 11. Bd2 O-O 12. O-O c5 13. Bc4 Qh5 14. dxc5
Qxc5 15. Bd3 Rfd8 16. Rfe1 Bxf3 17. Qxf3 Ne5 18. Qb7 Nxd3 19. cxd3 Qc2 20. Bc3
Nd5 21. Rac1 Qxd3 22. Red1 Qb5 23. Be5 Qe2 24. Re1 Qb5 25. Red1 f6 26. Bg3 Qd7
27. Rc7 Qxc7 28. Bxc7 Nxc7 29. Rxd8+ Rxd8 30. g3 Rd1+ 31. Kg2 Nd5 32. Qc8+ Kf7
33. Qd7+ Kg6 34. Qxe6 Rd2 35. a4 a5 36. b3 h6 37. h4 Rd4 38. h5+ Kxh5 39. Qf5+
g5 40. Qh7 Nf4+ 41. Kh2 Nd5 42. f3 
1-0

[Event "Vestlandsserien 2017-18 avd. nord"]
[Site "Hordaland"]
[Date "2018.02.03"]
[Round "4"]
[White "Moe-Nilssen, Nils Erik"]
[Black "Marthinussen, Trond E"]
[Result "1-0"]
[WhiteElo "2124"]
[BlackElo "1703"]
[PlyCount "57"]
[EventDate "2017.??.??"]

1. e4 d6 2. d4 g6 3. Nc3 Bg7 4. Bc4 Nc6 5. Nge2 e5 6. Be3 exd4 7. Nxd4 Ne5 8.
Be2 a6 9. f4 Nc6 10. Nxc6 bxc6 11. Qd2 Qh4+ 12. g3 Qe7 13. O-O-O Nf6 14. e5
dxe5 15. fxe5 Nd7 16. Bf3 Bb7 17. Bg5 Qe6 18. Bg4 Qxg4 19. e6 O-O 20. exd7 f6
21. Bf4 Qh5 22. Kb1 Qa5 23. Rhe1 g5 24. Ne4 Qb6 25. Be3 Qb5 26. Nc5 f5 27. c4
Qxc4 28. Nxb7 Bf6 29. Bxg5 
1-0

[Event "Vestlandsserien 2017-18 avd. nord"]
[Site "Hordaland"]
[Date "2018.02.03"]
[Round "4"]
[White "Riisem, Øyvind"]
[Black "Solli, Jarle"]
[Result "1-0"]
[WhiteElo "2236"]
[BlackElo "1765"]
[PlyCount "45"]
[EventDate "2017.??.??"]

1. d4 Nf6 2. c4 e5 3. dxe5 Ne4 4. Qd3 Bb4+ 5. Nd2 Bxd2+ 6. Bxd2 Nxd2 7. Qxd2
Nc6 8. f4 f6 9. exf6 Qxf6 10. Nf3 O-O 11. e3 d6 12. Bd3 Bf5 13. O-O Rae8 14.
Rf2 h6 15. Re1 Be4 16. Bxe4 Rxe4 17. Qd5+ Qe6 18. Nd2 Qxd5 19. cxd5 Nb4 20.
Nxe4 Re8 21. Nc3 Nd3 22. Ree2 Nxf2 23. Kxf2 
1-0

[Event "Vestlandsserien 2017-18 avd. nord"]
[Site "Hordaland"]
[Date "2018.02.03"]
[Round "4"]
[White "Sævareid, Ove"]
[Black "Sætre, Roger"]
[Result "1-0"]
[WhiteElo "2166"]
[BlackElo "1823"]
[PlyCount "65"]
[EventDate "2017.??.??"]

1. c4 e5 2. g3 Nc6 3. Nc3 g6 4. Bg2 Bg7 5. e4 d6 6. Nge2 Be6 7. d3 Qd7 8. Nd5
Nce7 9. h3 c6 10. Ne3 f5 11. d4 fxe4 12. d5 Bf7 13. Nc3 Nf6 14. Nxe4 Nxe4 15.
Bxe4 c5 16. Qd3 O-O 17. h4 h6 18. Bd2 Bf6 19. f3 Kg7 20. Bc3 Rh8 21. f4 Rag8
22. O-O-O Kf8 23. Rdf1 Ke8 24. fxe5 Bxe5 25. Bxe5 dxe5 26. Rf3 Nc8 27. Rf6 Nd6
28. Rhf1 Rg7 29. Bxg6 Bxg6 30. Rxg6 e4 31. Qc3 Rhg8 32. Qe5+ Qe7 33. Re6 
1-0

[Event "Vestlandsserien 2017-18 avd. nord"]
[Site "Hordaland"]
[Date "2018.02.03"]
[Round "4"]
[White "Sandø, Øyvind Andreas"]
[Black "Steigum, Endre S."]
[Result "1/2-1/2"]
[WhiteElo "1580"]
[BlackElo "1977"]
[PlyCount "83"]
[EventDate "2017.??.??"]

1. d4 Nf6 2. c4 g6 3. Nc3 Bg7 4. e4 d6 5. f3 O-O 6. Nge2 Nc6 7. Bg5 e5 8. d5
Ne7 9. g4 Ne8 10. Ng3 f6 11. Be3 c6 12. Bd3 cxd5 13. cxd5 Bd7 14. Qb3 b6 15.
Rc1 Nc7 16. O-O f5 17. gxf5 gxf5 18. Nh5 f4 19. Nxg7 Kxg7 20. Bf2 Ng6 21. Kh1
Kh8 22. Nb5 Nxb5 23. Bxb5 Bh3 24. Rg1 Qe7 25. Rc6 Rg8 26. Bf1 Bxf1 27. Rxf1 Nh4
28. Qc3 Qg5 29. Rg1 Qh5 30. Rxg8+ Rxg8 31. Bxh4 Qxh4 32. Rc8 Qh3 33. Rxg8+ Kxg8
34. Kg1 Qd7 35. Qc6 Qe7 36. Qc8+ Kg7 37. Qg4+ Kh6 38. Qh3+ Kg6 39. Qf5+ Kg7 40.
Qg4+ Kf8 41. Qc8+ Kg7 42. Qg4+ 
1/2-1/2

[Event "Vestlandsserien 2017-18 avd. nord"]
[Site "Hordaland"]
[Date "2018.02.04"]
[Round "5"]
[White "Ayzenberg, Alena"]
[Black "Haugsdal, Arn-Tore"]
[Result "1-0"]
[WhiteElo "1919"]
[BlackElo "2028"]
[PlyCount "153"]
[EventDate "2017.??.??"]

1. d4 c5 2. d5 b5 3. e4 Qb6 4. a4 b4 5. Nd2 Qg6 6. Ngf3 d6 7. Bb5+ Bd7 8. O-O
Nf6 9. Re1 a6 10. Bd3 Qh5 11. c4 Bg4 12. h3 Bxf3 13. Nxf3 Nbd7 14. Bf4 g5 15.
Nxg5 Rg8 16. Qxh5 Nxh5 17. Be3 Bh6 18. h4 Ne5 19. Be2 Nf6 20. f3 Ng6 21. g3 Nh5
22. Bf2 Nxh4 23. f4 Nxf4 24. gxf4 Ng6 25. Bh5 Nxf4 26. Bxf7+ Kd7 27. Bxg8 Rxg8
28. Bh4 Nh3+ 29. Kh2 Nxg5 30. Bxg5 Bxg5 31. Rf1 Bf6 32. Rf2 Rg4 33. Re2 Be5+
34. Kh1 h5 35. Rd1 h4 36. Rd3 Ke8 37. Rf3 Bd4 38. Kh2 Rg1 39. b3 Rb1 40. Kh3
Bf6 41. Rg2 Kf7 42. Rg4 Rh1+ 43. Kg2 Rb1 44. Rxh4 Rxb3 45. Rxb3 Bxh4 46. Rf3+
Ke8 47. Kf1 Bf6 48. Ke2 Bd4 49. Kd3 Be5 50. Kc2 Bf6 51. Rg3 Kf7 52. Rh3 Kg6 53.
Rg3+ Kf7 54. Rg2 Bd4 55. Rg5 Bf6 56. Rg1 Bd4 57. Rf1+ Kg7 58. Kd3 Bf6 59. Ke2
Bd4 60. Rf3 Bf6 61. Kf2 Be5 62. Kg2 Bf6 63. Kh3 Be5 64. Kg4 Bc3 65. Kf5 Kf7 66.
Rh3 Bf6 67. Rh7+ Kg8 68. Kg6 b3 69. Rh3 Kf8 70. Rxb3 Ke8 71. a5 Kd8 72. Rb6 Kc7
73. Rxa6 Kb7 74. Rc6 Bc3 75. a6+ Kb8 76. Kf7 Bf6 77. Rxd6 1-0

[Event "Vestlandsserien 2017-18 avd. nord"]
[Site "Hordaland"]
[Date "2018.02.04"]
[Round "5"]
[White "Birkestrand, Odd"]
[Black "Sviland, Atle"]
[Result "0-1"]
[WhiteElo "1645"]
[BlackElo "1808"]
[PlyCount "116"]
[EventDate "2017.??.??"]

1. e4 e6 2. d4 d5 3. e5 c5 4. c3 cxd4 5. cxd4 Bb4+ 6. Bd2 Qb6 7. Nf3 Nc6 8. Be2
Bd7 9. a3 Bxd2+ 10. Qxd2 Nge7 11. O-O O-O 12. Nc3 Na5 13. Bd1 Nc4 14. Qg5 Ng6
15. b3 Na5 16. b4 Nc4 17. Qg4 Qd8 18. Be2 Rc8 19. Rfc1 Qe7 20. h4 Rfd8 21. h5
Nf8 22. Qg5 Qxg5 23. Nxg5 Rc7 24. Bd3 Rdc8 25. Ne2 Nb2 26. Rxc7 Rxc7 27. Rc1
Rxc1+ 28. Nxc1 Nxd3 29. Nxd3 b6 30. f4 Bb5 31. Nf2 Be2 32. g4 Nd7 33. Kg2 Nb8
34. Nf3 Nc6 35. Ne1 Nxd4 36. Nfd3 Bxg4 37. Kf2 Bxh5 38. Ke3 Nf5+ 39. Kd2 Bg6
40. a4 Kf8 41. b5 Ke8 42. Nb4 Ne7 43. Nf3 Kd7 44. Nd4 h5 45. Ke2 Be4 46. Kf2 f6
47. Nbc6 Nxc6 48. Nxc6 Bc2 49. a5 bxa5 50. Nxa5 fxe5 51. fxe5 g5 52. Nc6 Be4
53. Nxa7 d4 54. b6 h4 55. Nb5 g4 56. Nxd4 g3+ 57. Kg1 h3 58. b7 Bxb7 0-1

[Event "Vestlandsserien 2017-18 avd. nord"]
[Site "Hordaland"]
[Date "2018.02.04"]
[Round "5"]
[White "Eikeland, Erik"]
[Black "Manne, Per Erik"]
[Result "1/2-1/2"]
[WhiteElo "2228"]
[BlackElo "2128"]
[PlyCount "141"]
[EventDate "2017.??.??"]

1. d4 Nf6 2. c4 e6 3. Nf3 Bb4+ 4. Bd2 Bxd2+ 5. Qxd2 O-O 6. g3 d6 7. Bg2 Qe7 8.
O-O Nbd7 9. Qb4 a5 10. Qa3 b6 11. Ne5 Ra6 12. Rd1 Nb8 13. Nd3 c6 14. e4 Ra7 15.
Nc3 Ba6 16. b3 Rc8 17. Na4 Qc7 18. Rac1 Nbd7 19. Nc3 Qb8 20. h3 Ne8 21. Qb2 b5
22. c5 dxc5 23. dxc5 Ne5 24. b4 Nc4 25. Qe2 Rd7 26. e5 Bb7 27. f4 axb4 28. Ne4
Qa7 29. Nxb4 Rcd8 30. Rxd7 Rxd7 31. Rd1 Rd5 32. Kh2 Nc7 33. Nd6 Rxd1 34. Qxd1
Nd5 35. Qh5 Ba8 36. Qh4 Qd7 37. Nd3 Nce3 38. Be4 f5 39. exf6 Nxf6 40. Ne5 Qa7
41. Bb1 Qxc5 42. Ne8 Nf5 43. Nxf6+ gxf6 44. Qg4+ Ng7 45. Nd3 Qd5 46. Nf2 f5 47.
Qd1 c5 48. Qxd5 exd5 49. a3 c4 50. Kg1 h6 51. g4 d4 52. gxf5 d3 53. Ba2 Kf8 54.
a4 Bc6 55. f6 Nh5 56. axb5 Bxb5 57. Ne4 Nxf4 58. Kf2 Nd5 59. Ke1 Nb4 60. Bb1
Ba4 61. Kd2 Bb3 62. Nc5 Ba2 63. Bxa2 Nxa2 64. Ne4 Kf7 65. Nd6+ Kxf6 66. Nxc4
Nb4 67. Nb2 Kg5 68. Nxd3 Nxd3 69. Kxd3 Kh4 70. Ke2 Kxh3 71. Kf2 1/2-1/2

[Event "Vestlandsserien 2017-18 avd. nord"]
[Site "Hordaland"]
[Date "2018.02.04"]
[Round "5"]
[White "GrÃ¸nnestad, Anita"]
[Black "HÃ¸lleland, Sigve"]
[Result "1/2-1/2"]
[WhiteElo "1962"]
[BlackElo "2067"]
[PlyCount "77"]
[EventDate "2017.??.??"]

1. c4 Nf6 2. Nc3 g6 3. g3 d5 4. cxd5 Nxd5 5. Bg2 c6 6. Nf3 Bg7 7. O-O O-O 8. a3
Nd7 9. d4 Nxc3 10. bxc3 c5 11. Qb3 Nb6 12. e4 Be6 13. d5 Bd7 14. Be3 Ba4 15.
Qa2 Bb5 16. Rfc1 Rc8 17. Nd2 Na4 18. c4 Bd7 19. Rab1 Nc3 20. Rxc3 Bxc3 21. Rxb7
Rb8 22. Rxb8 Qxb8 23. Nb3 Bd4 24. Nxd4 cxd4 25. Bxd4 Qc7 26. h4 Rb8 27. c5 Qa5
28. c6 Bc8 29. Kh2 Kf8 30. Qa1 Rb3 31. Bc5 Qc3 32. Qxc3 Rxc3 33. Bb4 Rc2 34. f4
Bg4 35. Kg1 Rc1+ 36. Kf2 Rc2+ 37. Kg1 Rc1+ 38. Kf2 Rc2+ 39. Kg1 1/2-1/2

[Event "Vestlandsserien 2017-18 avd. nord"]
[Site "Hordaland"]
[Date "2018.02.04"]
[Round "5"]
[White "Rasmussen, Jonas H"]
[Black "Hersvik, Daniel"]
[Result "0-1"]
[WhiteElo "1835"]
[BlackElo "2222"]
[PlyCount "90"]
[EventDate "2017.??.??"]

1. d4 g6 2. Nf3 Bg7 3. g3 d6 4. Bg2 Nd7 5. O-O Ngf6 6. c4 O-O 7. b3 c5 8. e3
cxd4 9. exd4 d5 10. c5 Ne4 11. Bb2 Ndxc5 12. Qe2 Ne6 13. Nbd2 Nxd2 14. Qxd2 b6
15. Rac1 Bb7 16. Rfd1 Rc8 17. Rxc8 Qxc8 18. Rc1 Qd7 19. Ba3 Rc8 20. Rxc8+ Bxc8
21. Qc3 Bb7 22. Bh3 Bf6 23. Bg2 Nxd4 24. Nxd4 Qg4 25. Qe1 Qxd4 26. Bxe7 Qe5 27.
Qxe5 Bxe5 28. Kf1 f5 29. Ke1 Kf7 30. Bg5 Ke6 31. Kd2 Bd4 32. Be3 Bc5 33. Bf3
Ba6 34. Bg2 d4 35. Bh6 Bb4+ 36. Kd1 Bd3 37. Bg7 Bc3 38. Bf3 b5 39. a4 b4 40.
Bb7 Bf1 41. Bh6 Kf6 42. h4 Bd3 43. Bc6 Be4 44. Bb5 Bf3+ 45. Be2 Bd5 0-1

[Event "Vestlandsserien 2017-18 avd. nord"]
[Site "Hordaland"]
[Date "2018.02.04"]
[Round "5"]
[White "SÃ¦tre, Roger"]
[Black "Larsen, Stig BÃ¸rje"]
[Result "1/2-1/2"]
[WhiteElo "1823"]
[BlackElo "1885"]
[PlyCount "66"]
[EventDate "2017.??.??"]

1. e4 g6 2. Nc3 Bg7 3. g3 c5 4. Bg2 Nc6 5. d3 d6 6. Be3 e5 7. Nge2 Nge7 8. Qd2
Nd4 9. O-O O-O 10. f4 f5 11. fxe5 dxe5 12. Bg5 Qc7 13. Bxe7 Qxe7 14. Nxd4 exd4
15. Nd5 Qd6 16. Qg5 Rf7 17. Qf4 Be5 18. Qf3 Be6 19. Nf4 Bd7 20. exf5 Bc6 21.
Qg4 Rxf5 22. Rf2 Raf8 23. Raf1 Bg7 24. Qe2 Bxg2 25. Kxg2 R5f6 26. Qe4 Qd7 27.
Qd5+ Qxd5+ 28. Nxd5 Rxf2+ 29. Rxf2 Rxf2+ 30. Kxf2 Kf7 31. Kf3 Ke6 32. Ke4 Kd6
33. a4 a6 1/2-1/2

[Event "Vestlandsserien 2017-18 avd. nord"]
[Site "Hordaland"]
[Date "2018.02.04"]
[Round "5"]
[White "Marthinussen, Trond E"]
[Black "Lie, Terje"]
[Result "1-0"]
[WhiteElo "1703"]
[BlackElo "1538"]
[PlyCount "215"]
[EventDate "2017.??.??"]

1. Nf3 d5 2. d4 e6 3. g3 Nf6 4. Bg2 c5 5. c3 Nc6 6. O-O Be7 7. e3 O-O 8. Nbd2
Qc7 9. Qc2 b6 10. Qb1 Bb7 11. Re1 Rfe8 12. Nf1 Rad8 13. a3 Ne4 14. N3d2 Nf6 15.
b4 c4 16. e4 b5 17. e5 Nd7 18. f4 f6 19. Bh3 f5 20. g4 g6 21. gxf5 exf5 22. Ne3
Nf8 23. Nf3 Ne6 24. Ng2 Bf8 25. Ra2 Re7 26. Ngh4 Rg7 27. Rg2 Ne7 28. Ng5 Nxg5
29. Rxg5 Bc8 30. Kf2 Be6 31. Reg1 Qd7 32. Bf1 Qe8 33. Be2 Qf7 34. Bd2 Nc8 35.
Nf3 Be7 36. R5g2 Kh8 37. Bd1 Nb6 38. Ke2 Rdg8 39. h4 h5 40. Bc2 Na8 41. Qe1 Nc7
42. Ke3 a6 43. a4 Bd8 44. axb5 axb5 45. Qa1 Qd7 46. Qa2 Kh7 47. Ra1 Be7 48. Qb2
Ra8 49. Rgg1 Qd8 50. Rxa8 Nxa8 51. Be1 Nb6 52. Bf2 Rg8 53. Ra1 Qc7 54. Ra5 Bd7
55. Qa1 Rb8 56. Ra7 Rb7 57. Ra2 Nc8 58. Qg1 Ra7 59. Rb2 Ra3 60. Kd2 Nb6 61. Be1
Na4 62. Bxa4 Rxa4 63. Qe3 Be6 64. Ke2 Qa7 65. Kf1 Ra3 66. Kg2 Kg7 67. Qd2 Ra1
68. Qc2 Ra3 69. Qd2 Rb3 70. Ra2 Ra3 71. Rxa3 Qxa3 72. Kg3 Kg8 73. Qf2 Qc1 74.
Bd2 Qd1 75. Kg2 Qc2 76. Qe2 Bd8 77. Ne1 Qe4+ 78. Qxe4 dxe4 79. Kg3 Bb6 80. Nc2
Kg7 81. Ne3 Kf7 82. d5 Bc8 83. Nc2 Bb7 84. Be3 Bd8 85. d6 Bc8 86. Bc5 Bd7 87.
Nd4 e3 88. Ne2 Ke6 89. Bxe3 Kd5 90. Bd4 Ke4 91. Ng1 Bxh4+ 92. Kxh4 Kxf4 93.
Nh3+ Ke4 94. Ng5+ Kd5 95. Kg3 Be8 96. Kf4 Bd7 97. Nh7 Bc8 98. Nf8 h4 99. Nxg6
h3 100. Kg3 Ke6 101. Nf4+ Kf7 102. Nxh3 Bd7 103. Ng5+ Ke8 104. Kf4 Kd8 105. e6
Bxe6 106. Nxe6+ Kd7 107. Ke5 Kc6 108. Bc5 1-0

[Event "Vestlandsserien 2017-18 avd. nord"]
[Site "Hordaland"]
[Date "2018.02.04"]
[Round "5"]
[White "Mork, Kjell Arne"]
[Black "Martinsen, Stig K"]
[Result "1-0"]
[WhiteElo "2287"]
[BlackElo "2214"]
[PlyCount "97"]
[EventDate "2017.??.??"]

1. e4 d6 2. d4 g6 3. Nc3 Nf6 4. Be3 a6 5. h3 b5 6. e5 Nfd7 7. Qf3 c6 8. exd6
exd6 9. O-O-O Be7 10. Bh6 Bg5+ 11. Bxg5 Qxg5+ 12. Kb1 d5 13. Re1+ Kf8 14. h4
Qf6 15. Qe3 h5 16. Nf3 Kg7 17. Bd3 Nb6 18. Ne5 a5 19. Qg3 Na6 20. Re3 Ra7 21.
Rf3 Qd6 22. Bxb5 Nb4 23. Nxc6 Qxg3 24. Rxg3 Nxc6 25. Bxc6 Rc7 26. Bb5 Bf5 27.
Re3 Rb8 28. a4 Nc4 29. Re2 Nd6 30. Nxd5 Nxb5 31. axb5 Rd7 32. Ne3 Rxd4 33.
Nxf5+ gxf5 34. Re5 Kf6 35. Rc5 Rd2 36. Rf1 Rg8 37. g3 Re8 38. Rc6+ Re6 39.
Rxe6+ Kxe6 40. Kc1 Rd4 41. Re1+ Kf6 42. f4 Rb4 43. Re5 a4 44. c3 Rb3 45. Kc2
Kg6 46. Rc5 Kf6 47. Rc4 Rxb5 48. Rxa4 Rb8 49. Rd4 1-0

[Event "Vestlandsserien 2017-18 avd. nord"]
[Site "Hordaland"]
[Date "2018.02.04"]
[Round "5"]
[White "Kvamme, John A"]
[Black "Riisem, Ã~yvind"]
[Result "1-0"]
[WhiteElo "2088"]
[BlackElo "2236"]
[PlyCount "117"]
[EventDate "2017.??.??"]

1. g3 e5 2. c4 d5 3. cxd5 Qxd5 4. Nf3 Nc6 5. Nc3 Qa5 6. Bg2 Nf6 7. d3 e4 8.
dxe4 Nxe4 9. O-O Nxc3 10. bxc3 Bd6 11. Qc2 O-O 12. Nd4 Ne5 13. Rb1 c6 14. Bf4
Re8 15. Rfd1 Bf8 16. c4 Qc5 17. Rbc1 Ng4 18. e3 a5 19. h3 Ne5 20. e4 a4 21. Be3
Qa5 22. c5 g6 23. Bd2 Qc7 24. f4 Nd7 25. Bb4 Nf6 26. Kh2 Nh5 27. Qf2 Bh6 28. e5
f6 29. Nf3 Be6 30. Rd6 Nxf4 31. Bd2 fxe5 32. gxf4 exf4 33. Qh4 Bf8 34. Bc3 Bf5
35. Qf6 Bg7 36. Qxg7+ Qxg7 37. Bxg7 Kxg7 38. Nd4 Bc8 39. h4 Ra5 40. Bh3 Bxh3
41. Kxh3 Re5 42. Kg4 Kf7 43. Rd7+ Kf6 44. Rxb7 Rexc5 45. Rxc5 Rxc5 46. Kxf4 Rc4
47. Ke3 c5 48. Nf3 Rc2 49. Rxh7 Rxa2 50. Rc7 Rc2 51. Ra7 Rc3+ 52. Ke4 a3 53.
Ra6+ Kg7 54. Ne5 Kh6 55. Nxg6 Kh5 56. Nf4+ Kxh4 57. Kf5 Rb3 58. Rh6+ Kg3 59.
Rh3+ 1-0